More homes for rent (Record no. 105459)
[ view plain ]
| 000 -LEADER | |
|---|---|
| fixed length control field | 01352cam a2200301 4500 |
| 001 - CONTROL NUMBER | |
| control field | ##L133719 |
| 008 - FIXED-LENGTH DATA ELEMENTS--GENERAL INFORMATION | |
| fixed length control field | 060605n2006 000 0 eng u |
| 020 ## - INTERNATIONAL STANDARD BOOK NUMBER | |
| International Standard Book Number | 1905370032 |
| 035 ## - SYSTEM CONTROL NUMBER | |
| System control number | (Sirsi) u133719 |
| 050 04 - LIBRARY OF CONGRESS CALL NUMBER | |
| Classification number | 346.4104342 $2 18 |
| 100 1# - MAIN ENTRY--PERSONAL NAME | |
| Personal name | Bill, Peter |
| 245 00 - TITLE STATEMENT | |
| Title | More homes for rent |
| Remainder of title | stimulating supply to match growing demand |
| 260 ## - PUBLICATION, DISTRIBUTION, ETC. | |
| Place of publication, distribution, etc. | London |
| Name of publisher, distributor, etc. | Smith Institute |
| Date of publication, distribution, etc. | 2006 |
| 520 ## - SUMMARY, ETC. | |
| Summary, etc. | Offers a collection of eight essays by leading property experts and others on the role that a revived private rented sector could contribute to the supply of new homes in UK: calculating the growing demand, surveying the political options, reforming the sector's image, attracting institutional capital, altering the planning regime, removing rules and regulations, meeting the landlord's needs and accounting for tenants' views. |
| 590 ## - LOCAL NOTE (RLIN) | |
| Local note | IKA060606 |
| 651 #4 - SUBJECT ADDED ENTRY--GEOGRAPHIC NAME | |
| Geographic name | United Kingdom |
| Chronological subdivision | |
| 690 ## - LOCAL SUBJECT ADDED ENTRY--TOPICAL TERM (OCLC, RLIN) | |
| Topical term or geographic name as entry element | PROPERTY-RESIDENTIAL PROPERTY-RESIDENTIAL PROPERTY MARKET |
| 700 1# - ADDED ENTRY--PERSONAL NAME | |
| Personal name | Donnell, Richard |
| 700 1# - ADDED ENTRY--PERSONAL NAME | |
| Personal name | Love, Andy |
| 700 1# - ADDED ENTRY--PERSONAL NAME | |
| Personal name | Sampson, Adam |
| 700 1# - ADDED ENTRY--PERSONAL NAME | |
| Personal name | Hill, William |
| 700 1# - ADDED ENTRY--PERSONAL NAME | |
| Personal name | Collett, Alan |
| 700 1# - ADDED ENTRY--PERSONAL NAME | |
| Personal name | Moross, Trevor |
| 700 1# - ADDED ENTRY--PERSONAL NAME | |
| Personal name | Dickinson, Rupert |
| 700 1# - ADDED ENTRY--PERSONAL NAME | |
| Personal name | Peacock, Jacky |
| 856 40 - ELECTRONIC LOCATION AND ACCESS | |
| Uniform Resource Identifier | <a href="https://www.smith-institute.org.uk/publications.htm">https://www.smith-institute.org.uk/publications.htm</a> |
| Public note | View the essays free of charge at www.smith-institute.org... |
| 942 ## - ADDED ENTRY ELEMENTS (KOHA) | |
| Suppress in OPAC | 0 |
| Withdrawn status | Lost status | Source of classification or shelving scheme | Damaged status | Not for loan | Home library | Current library | Shelving location | Date acquired | Total Checkouts | Full call number | Barcode | Date last seen | Copy number | Price effective from | Koha item type |
|---|---|---|---|---|---|---|---|---|---|---|---|---|---|---|---|
| Dewey Decimal Classification | Virtual | Virtual | Online | 05/06/2006 | ONLINE PUBLICATION | 133719-2001 | 06/08/2019 | 1 | 06/08/2019 | Book |